| 000 | 00482nam a22001697a 4500 | ||
|---|---|---|---|
| 003 | SGT | ||
| 020 | _a9780702083488 | ||
| 082 |
_a616.024 _bD23P |
||
| 100 | _aPENMAN, IAN D. | ||
| 245 | _aDAVIDSON;S PRINCIPLES AND PRACTICE OF MEDICINE | ||
| 250 | _a24TH | ||
| 260 |
_aLONDON _bELSEVIER PUB _c2023 |
||
| 300 | _a1357 | ||
| 650 | _aGENERAL MEDICINE | ||
| 653 | _aFUNDAMENTALS OF MEDICINE, EMERGENSY AND CRITICAL MEDICINE, CLINICAL MEDICNE, ENDOCRINOLOGY | ||
| 942 |
_2ddc _cBK _010 |
||
| 999 |
_c23748 _d23748 |
||